000 00606cam a22002293a 4500
001 18955
003 PGUSA
005 20140828083413.0
008 060731s2006||||xxu|||||s|||||000 1 eng d
040 _aPGUSA
_beng
042 _adc
050 4 _aPL
100 1 _aNanong, Balbino B.
245 1 0 _aHiwaga ng Pagibig
_h[electronic resource] /
_cBalbino B. Nanong
260 _bProject Gutenberg,
_c2006
506 _aPublic domain in the USA.
516 _aElectronic text
653 _aFiction
830 0 _aProject Gutenberg
_v18955
856 4 0 _uhttp://www.gutenberg.org/ebooks/18955
942 _cEB
999 _c248210
_d248210